000 00312nam a22001337a 4500
008 170927b xxu||||| |||| 00| 0 eng d
020 _a9780830415335
041 _aeng
080 _23 ED
_a37
100 _a47
101 _aEDU
245 _aRESEARCH METHODS IN SOCIAL WORK
_cROYSE.D
942 _2udc
_cBK
999 _c30212
_d30212